Heat and mass transfer : (Record no. 54324)

MARC details
000 -LEADER
fixed length control field 01095nam a22003017a 4500
005 - DATE AND TIME OF LATEST TRANSACTION
control field 20110725141933.0
008 - FIXED-LENGTH DATA ELEMENTS--GENERAL INFORMATION
fixed length control field 110725t xxu||||| |||| 00| 0 eng d
010 ## - LCCN (DPL NO)
LC control number ENG-103121
020 ## - INTERNATIONAL STANDARD BOOK NUMBER
International Standard Book Number 9780071077866
Terms of availability 525.00
020 ## - INTERNATIONAL STANDARD BOOK NUMBER
International Standard Book Number 0071077863
Terms of availability 525.00
035 ## - SYSTEM CONTROL NUMBER
System control number EN-86654
037 ## - SOURCE OF ACQUISITION
Source of stock number/acquisition DBAD / PUB
040 ## - CATALOGING SOURCE
Original cataloging agency dpl
Language of cataloging English
082 ## - DEWEY DECIMAL CLASSIFICATION NUMBER
Classification number 621.4022
100 ## - MAIN ENTRY--PERSONAL NAME
9 (RLIN) 29868
Personal name Cengel, Yunus A.
245 ## - TITLE STATEMENT
Title Heat and mass transfer :
Statement of responsibility, etc by Yunus A. Cengel [and] Afshin J. Ghajar
Remainder of title fundamentals and applications /
250 ## - EDITION STATEMENT
Edition statement 4th ed
260 ## - PUBLICATION, DISTRIBUTION, ETC. (IMPRINT)
Place of publication, distribution, etc New Delhi
Name of publisher, distributor, etc Tata McGraw Hill
Date of publication, distribution, etc 2011
270 ## - ADDRESS
Address 7, West Patel Nagar
City New Delhi
Postal code 110008
300 ## - PHYSICAL DESCRIPTION
Extent xxi,902p. :
Dimensions 25cm (pbk)
Other physical details ill.
500 ## - GENERAL NOTE
General note Includes index
650 ## - SUBJECT ADDED ENTRY--TOPICAL TERM
9 (RLIN) 29869
Topical term or geographic name as entry element Heat
General subdivision Transmission.
650 ## - SUBJECT ADDED ENTRY--TOPICAL TERM
Topical term or geographic name as entry element Mass transfer.
9 (RLIN) 30031
651 ## - SUBJECT ADDED ENTRY--GEOGRAPHIC NAME
9 (RLIN) 1549
700 ## - ADDED ENTRY--PERSONAL NAME
9 (RLIN) 29871
Personal name Ghajar, Afshin J.
Dates associated with a name 1951-
Fuller form of name (Afshin Jahanshahi)
942 ## - ADDED ENTRY ELEMENTS (KOHA)
Source of classification or shelving scheme Dewey Decimal Classification
Item type English Books
Classification part 621.4022
Call number suffix CEN
Holdings
Withdrawn status Lost status Source of classification or shelving scheme Damaged status Not for loan Collection code Home library Current library Date acquired Source of acquisition Cost, normal purchase price Total Checkouts Full call number Barcode Date last seen Copy number Cost, replacement price Koha item type
    Dewey Decimal Classification   Not For Loan Non-fiction D.B.Act.Division D.B.Act.Division 25/07/2011 DBAD/PUB 525.00   621.4022 CEN EN-86654 25/07/2011 1 525.00 English Books

© Delhi Public Library
Hit Counter
free hit counter